000
00293nam a22001337a 4500
008
170814b xxu||||| |||| 00| 0 eng d
020
_a
0471170607
041
_a
eng
080
_a
004
100
_a
35
101
_a
SHK
245
_a
MULTIVARIATE DATA ANALYSIS
_c
COOLEY,W.W
942
_2
udc
_c
BK
999
_c
23424
_d
23424